ՀՀ Գիտությունների ազգային ակադեմիայի հիմնարար գիտական գրադարան  =   Fundamental Scientific Library of NAS RA

Указатель хронологический, предметный и алфавитный, выданных в России привилегий : (Record no. 424647)

MARC details
000 -LEADER
fixed length control field 00668nam a22001697a 4500
003 - CONTROL NUMBER IDENTIFIER
control field AM-YeHGA
040 ## - CATALOGING SOURCE
Original cataloging agency AM-YeHGA
090 ## - LOCALLY ASSIGNED LC-TYPE CALL NUMBER (OCLC); LOCAL CALL NUMBER (RLIN)
-- 427110
005 - DATE AND TIME OF LATEST TRANSACTION
control field 20250617155027.0
008 - FIXED-LENGTH DATA ELEMENTS--GENERAL INFORMATION
fixed length control field 190205s ||||| |||| 00| 0 rus d
041 0# - LANGUAGE CODE
Language code of text/sound track or separate title rus
245 00 - TITLE STATEMENT
Title Указатель хронологический, предметный и алфавитный, выданных в России привилегий :
Remainder of title С 1814 по 1883 год.
260 ## - PUBLICATION, DISTRIBUTION, ETC.
Place of publication, distribution, etc. Санкт-Петербург :
Name of publisher, distributor, etc. тип. Майкова,
Date of publication, distribution, etc. 1903.
300 ## - PHYSICAL DESCRIPTION
Extent 391 с.
653 0# - INDEX TERM--UNCONTROLLED
Uncontrolled term Указатели хронологические - Дореволюционная Россия
942 ## - ADDED ENTRY ELEMENTS (KOHA)
Source of classification or shelving scheme Universal Decimal Classification
Koha item type Գրքեր / Books
Holdings
Withdrawn status Lost status Source of classification or shelving scheme Damaged status Not for loan Collection Home library Current library Date acquired Total checkouts Full call number Barcode Date last seen Price effective from Koha item type Public note
    Universal Decimal Classification     General Fundamental Scientific Library Fundamental Scientific Library 05/02/2019   РД II/37571 FL0547515 05/02/2019 05/02/2019 Գրքեր / Books 30 Days Load


ՀՀ ԳԱԱ հիմնարար գիտական գրադարան
ՀՀ,Երևան 0019
Մարշալ Բաղրամյան 24/6
հեռախոս:(374-10) 52-47-50
Հետադարձ կապ

All site content, except where otherwise noted, is licensed under a
Creative Commons License